1978 NHL All-Stars - Statistics

General Stats
  • This quiz has been taken 2 times
  • The average score is 9 of 40
Answer Stats
Position/Conference Answer Team % Correct
Campbell Centre Bryan Trottier New York Islanders
100%
Wales Centre Gilbert Perreault Buffalo Sabres
100%
Wales Right Winger Guy Lafleur Montreal Canadiens
100%
Wales Centre Marcel Dionne Los Angeles Kings
100%
Campbell Right Winger Mike Bossy New York Islanders
100%
Campbell Goaltender Billy Smith New York Islanders
50%
Campbell Centre Bobby Clarke Philadelphia Flyers
50%
Wales Centre Darryl Sittler Toronto Maple Leafs
50%
Wales Goaltender Ken Dryden Montreal Canadiens
50%
Wales Right Winger Lanny McDonald Toronto Maple Leafs
50%
Wales Defenceman Larry Robinson Montreal Canadiens
50%
Campbell Centre Phil Esposito New York Rangers
50%
Wales Left Winger Steve Shutt Montreal Canadiens
50%
Campbell Defenceman Barry Beck Colorado Rockies
0%
Campbell Left Winger Bill Barber Philadelphia Flyers
0%
Campbell Centre Bill Clement Atlanta Flames
0%
Campbell Defenceman Bob Dailey Philadelphia Flyers
0%
Wales Left Winger Bob Gainey Montreal Canadiens
0%
Wales Right Winger Bob Sirois Washington Capitals
0%
Wales Defenceman Borje Salming Toronto Maple Leafs
0%
Wales Defenceman Brad Park Boston Bruins
0%
Campbell Defenceman Carol Vadnais New York Rangers
0%
Campbell Left Winger Clark Gillies New York Islanders
0%
Campbell Defenceman Denis Potvin New York Islanders
0%
Wales Centre Dennis Maruk Cleveland Barons
0%
Campbell Right Winger Dennis Ververgaert Vancouver Canucks
0%
Campbell Centre Garry Unger St. Louis Blues
0%
Campbell Centre Ivan Boldirev Chicago Black Hawks
0%
Wales Right Winger Jean Pronovost Pittsburgh Penguins
0%
Campbell Defenceman Jimmy Watson Philadelphia Flyers
0%
Wales Defenceman Reed Larson Detroit Red Wings
0%
Wales Left Winger Rick Martin Buffalo Sabres
0%
Wales Goaltender Rogie Vachon Los Angeles Kings
0%
Campbell Centre Roland Eriksson Minnesota North Stars
0%
Wales Defenceman Serge Savard Montreal Canadiens
0%
Wales Right Winger Terry O'Reilly Boston Bruins
0%
Campbell Defenceman Tom Bladon Philadelphia Flyers
0%
Campbell Goaltender Wayne Stephenson Philadelphia Flyers
0%
Campbell Right Winger Wilf Paiement Colorado Rockies
0%
Wales Right Winger Yvan Cournoyer Montreal Canadiens
0%
No matching quizzes found
Score Distribution
Percent of People with Each Score
Percentile by Number Answered
Your Score History
You have not taken this quiz